Statistiken für Alle 151 Kanto-Pokemon Quiz

Klicken Sie hier um das Quiz zu spielen!

Allgemein

  • Dieses Quiz wurde 1.110 mal gespielt
  • Das Durchschnittsergebnis liegt bei 109 aus 151

Antwortstatistiken

DexPokemonTyp 1Typ 2% Korrekt
1BisasamPflanzeGift
99%
3BisaflorPflanzeGift
98%
4GlumandaFeuer/
98%
6GlurakFeuerFlug
98%
7SchiggyWasser/
97%
2BisaknospPflanzeGift
96%
9TurtokWasser/
96%
5GlutexoFeuer/
95%
8SchillokWasser/
94%
10RaupyKäfer/
93%
18TaubossNormalFlug
93%
16TaubsiNormalFlug
93%
25PikachuElektro/
92%
17TaubogaNormalFlug
92%
151MewPsycho/
91%
26RaichuElektro/
90%
74KleinsteinGesteinBoden
89%
12SmettboKäferFlug
88%
144ArktosEisFlug
87%
149DragoranDracheFlug
87%
146LavadosFeuerFlug
87%
145ZapdosElektroFlug
87%
63AbraPsycho/
86%
15BiborKäferGift
86%
21HabitakNormalFlug
86%
13HornliuKäferGift
86%
65SimsalaPsycho/
86%
94GengarGeistGift
85%
64KadabraPsycho/
85%
11SafconKäfer/
85%
75GeorokGesteinBoden
84%
22IbitakNormalFlug
84%
92NebulakGeistGift
84%
147DratiniDrache/
83%
148DragonirDrache/
82%
14KokunaKäferGift
82%
150MewtuPsycho/
82%
133EvoliNormal/
81%
19RattfratzNormal/
81%
130GaradosWasserFlug
80%
76GeowazGesteinBoden
80%
68MachomeiKampf/
80%
20RattikarlNormal/
80%
134AquanaWasser/
79%
129KarpadorWasser/
79%
95OnixGesteinBoden
79%
24ArbokGift/
78%
136FlamaraFeuer/
78%
66MacholloKampf/
78%
34NidokingGiftBoden
78%
31NidoqueenGiftBoden
78%
29 | 32NidoranGift/
78%
93AlpolloGeistGift
77%
135BlitzaElektro/
77%
50DigdaBoden/
77%
106KickleeKampf/
77%
23RettanGift/
77%
51DigdriBoden/
76%
44DuflorPflanzeGift
76%
67MaschockKampf/
76%
30NidorinaGift/
76%
33NidorinoGift/
76%
39PummeluffNormalFee
76%
43MyraplaPflanzeGift
75%
59ArkaniFeuer/
74%
45GiflorPflanzeGift
74%
107NockchanKampf/
74%
143RelaxoNormal/
74%
125ElektekElektro/
73%
69KnofensaPflanzeGift
73%
126MagmarFeuer/
73%
82MagnetonElektroStahl
73%
36PixiFee/
73%
58FukanoFeuer/
72%
40KnuddeluffNormalFee
72%
81MagnetiloElektroStahl
72%
41ZubatGiftFlug
72%
131LaprasWasserEis
71%
62QuappoWasserKampf
71%
109SmogonGift/
71%
42GolbatGiftFlug
70%
60QuapselWasser/
70%
120SternduWasser/
70%
35PiepiFee/
69%
110SmogmogGift/
69%
37VulpixFeuer/
69%
142AerodactylGesteinFlug
68%
52MauziNormal/
68%
72TentachaWasserGift
68%
73TentoxaWasserGift
68%
54EntonWasser/
67%
77PonitaFeuer/
67%
61QuaputziWasser/
67%
121StarmieWasserPsycho
67%
118GoldiniWasser/
66%
140KabutoGesteinWasser
66%
27SandanBoden/
66%
38VulnonaFeuer/
66%
97HypnoPsycho/
65%
71SarzeniaPflanzeGift
65%
123SichlorKäferFlug
65%
70UltrigariaPflanzeGift
65%
100VoltobalElektro/
65%
78GallopaFeuer/
64%
119GolkingWasser/
64%
87JugongWasserEis
64%
28SandamerBoden/
64%
96TraumatoPsycho/
64%
55EntoronWasser/
63%
86JurobWasser/
63%
141KabutopsGesteinWasser
63%
101LektrobalElektro/
63%
124RossanaEisPsycho
63%
88SleimaGift/
63%
49OmotKäferGift
62%
89SleimokGift/
62%
56MenkiKampf/
61%
48BluzukKäferGift
60%
46ParasKäferPflanze
60%
111RihornBodenGestein
60%
53SnobilikatNormal/
60%
138AmonitasGesteinWasser
59%
102OweiPflanzePsycho
59%
122PantimosPsychoFee
59%
57RasaffKampf/
59%
128TaurosNormal/
59%
139AmorosoGesteinWasser
58%
103KokoweiPflanzePsycho
58%
47ParasekKäferPflanze
58%
90MuschasWasser/
57%
115KangamaNormal/
56%
127PinsirKäfer/
56%
112RizerosBodenGestein
56%
113ChaneiraNormal/
55%
79FlegmonWasserPsycho
55%
83PorentaNormalFlug
55%
91AustosWasserEis
54%
85DodriNormalFlug
54%
132DittoNormal/
53%
116SeeperWasser/
53%
84DoduNormalFlug
52%
80LahmusWasserPsycho
52%
114TangelaPflanze/
51%
105KnoggaBoden/
50%
117SeemonWasser/
49%
104TragossoBoden/
49%
137PorygonNormal/
47%
98KrabbyWasser/
45%
99KinglerWasser/
44%
108SchlurpNormal/
44%

Verteilung der Resultate

Perzentil nach korrekt beantworteten Fragen

Anzahl Personen mit jedem Resultat

Ihre Resultats-Entwicklung

Sie haben dieses Quiz noch nicht gespielt